000 00841nam a2200241 i 4500
001 39175
003 ES-MaACL
005 20251224063016.0
007 t|
008 030227s1839 sp ||||1| spa d
080 _a329(460)"18"
080 _a94(460)"1833/40"
100 1 _aCampuzano, Joaquín Francisco,
_d1786-1860
_934341
245 1 4 _aLos partidos /
_cJoaquín Francisco Campuzano.
260 _aMadrid :
_b[s.n.],
_c1839 (
_fImp. de Miguel de Burgos)
300 _a15 p. ;
_c21 cm.
530 _aDisponible en formato digital.
650 4 _aPartidos políticos-
_zEspaña-
_yS.XIX.
_9138923
651 4 _aEspaña-
_xHistoria-
_y1833-1840, Guerra carlista
_98250
852 4 _aES-MaACL
_jT-12-F-14
856 4 _uhttp://bdh-rd.bne.es/viewer.vm?id=0000096296&page=1
_zBiblioteca Digital Hispánica
999 _c39175
_d39175